[Event "7 slow players under 1099"]
[Site "SchemingMind.com"]
[Date "2017.11.23"]
[Round "-"]
[White "nammy"]
[Black "Henk Miedema"]
[Result "1-0"]
[WhiteCountry "ENG"]
[BlackCountry "NED"]
[WhiteElo "818"]
[WhiteRD "69"]
[BlackElo "1022"]
[BlackRD "71"]
[GameID "421107"]

1. d4 d5 2. e3 e6 3. c3 Nf6 4. Bd3 Be7 5. a3 O-O 6. Qd2 Nc6 7. Nf3 Na5 8. O-O Nb3 9. Qd1 Nxa1 10. b3 a6
11. Bb2 Nxb3 12. Qxb3 Bd7 13. Qxb7 Rb8 14. Qxa6 Rxb2 15. h3 Rb3 16. h4 Rb6 17. Qa5 Rb8 18. Nbd2 Bc6 19. c4 Bd6 20. Ng5 Ng4
21. f3 Nf6 22. e4 Nh5 23. e5 Ng3 24. Rc1 Qe7 25. f4 Ra8 26. Qc3 Ra4 27. c5 Ra7 28. Nb3 Rxa3 29. Qb2 Raa8 30. Re1 Nh5
31. Qf2 Ba4 32. Nd2 Qe8 33. Bb1 Ra6 34. Qe3 Be7 35. Qd3 Ra8 36. Qxh7#
1-0

[Event "7 slow players under 1099"]
[Site "SchemingMind.com"]
[Date "2017.11.23"]
[Round "-"]
[White "Henk Miedema"]
[Black "nammy"]
[Result "1-0"]
[WhiteCountry "NED"]
[BlackCountry "ENG"]
[WhiteElo "993"]
[WhiteRD "64"]
[BlackElo "882"]
[BlackRD "65"]
[GameID "421108"]

1. d4 d5 2. Nf3 f6 3. e3 Nd7 4. b3 e6 5. Nc3 Bd6 6. e4 c6 7. Na4 Rb8 8. Nc3 Ne7 9. Be3 b6 10. Bd3 c5
11. Qb1 Bb7 12. Qc1 a6 13. Bg5 h6 14. Bh4 Bc6 15. Bxa6 Ra8 16. Bb5 g5 17. a4 gxh4 18. Qe3 Kf8 19. Bd3 Ng6 20. Bb5 Bb7
21. a5 Kf7 22. a6 Bc8 23. Bc6 Nb8 24. Bxa8 Bf8 25. a7 Bd7 26. exd5 exd5 27. Bxd5+ Kg7 28. a8=Q Bd6 29. Qa3 f5 30. Qac1 f4
31. Qe2 h5 32. Qe4 Na6 33. O-O Rh6 34. Nb5 Bxb5 35. Re1 Nc7 36. Bb7 Ne8 37. Qd5 Nc7 38. c4 Ne7 39. Qg5+ Rg6 40. Be4 Rxg5
41. Nxg5 Ba6 42. d5 Nc8 43. Bf3 Qxg5 44. Qc3+ Kh6 45. Qh8+ Kg6 46. Be4+ Qf5 47. Qg8+ Kf6 48. Bxf5 Kxf5 49. Qh7+ Kf6 50. Qh6+ Kf7
51. Qxh5+ Kf6 52. Qxh4+ Kf5 53. Qh3+ Kf6 54. Qh4+ Kf7 55. Qh5+ Kf8 56. Qh8+ Kf7 57. Red1 b5 58. Qh7+ Ke8 59. Re1+ Kd8 60. Qf7 Na7
61. Qg8+ Kd7 62. Qf7+ Kc8 63. Qg8+ Kb7 64. Qd8 Kb6 65. Qd7 Nc8 66. Qc6+ Ka7 67. Ra2 Kb8 68. Rea1 Ne7 69. Qxd6 Nf5 70. Qxf4 Ng7
71. Qf8+ Nge8 72. Qxc5 Nf6 73. Qb6+ Kc8 74. d6 Na8 75. Qxa6+ Kb8 76. Qa7+ Kc8 77. Ra6 Ne4 78. cxb5 Nxd6 79. Rc1+ Kd8 80. Rxd6+ Ke8
81. Rc8#
1-0

[Event "7 slow players under 1099"]
[Site "SchemingMind.com"]
[Date "2018.01.01"]
[Round "-"]
[White "nammy"]
[Black "Chessibelle"]
[Result "0-1"]
[WhiteCountry "ENG"]
[BlackCountry "ENG"]
[WhiteElo "882"]
[WhiteRD "65"]
[BlackElo "1069"]
[BlackRD "60"]
[GameID "422694"]

1. d4 d5 2. e3 Nf6 3. f3 g6 4. Nd2 Bg7 5. Ne2 O-O 6. b3 Re8 7. Nc3 Nc6 8. Qe2 Bd7 9. g4 e6 10. Qg2 Nb4
11. Kd1 a6 12. Ba3 a5 13. h4 c6 14. g5 Nh5 15. f4 f6 16. Bb2 e5 17. Ne2 Bf8 18. c3 exd4 19. a3 Na6 20. Nxd4 Qb6
21. Bc1 Rxe3 22. b4 Rxc3 23. Qf2 Re8 24. Bb2 Rce3 25. Qh2 c5 26. Nb1 cxb4 27. Qg1 R3e4 28. Nd2 Re1+ 29. Kc2 Qc5+ 30. Kd3 Nxf4#
0-1

[Event "7 slow players under 1099"]
[Site "SchemingMind.com"]
[Date "2018.01.01"]
[Round "-"]
[White "Chessibelle"]
[Black "nammy"]
[Result "1-0"]
[WhiteCountry "ENG"]
[BlackCountry "ENG"]
[WhiteElo "1058"]
[WhiteRD "58"]
[BlackElo "850"]
[BlackRD "62"]
[GameID "422695"]

1. e4 e5 2. Nf3 f6 3. d3 a5 4. g3 d6 5. b3 Be7 6. Bg2 Bd7 7. O-O Nh6 8. Nbd2 O-O 9. c3 Qe8 10. d4 g5
11. Bb2 g4 12. Nh4 Kh8 13. f3 Qf7 14. h3 Qg7 15. Qc2 b6 16. a3 Bb5 17. Rfe1 Nd7 18. c4 Bc6 19. a4 f5 20. f4 Rf7
21. Bf1 Nf6 22. dxe5 Nd7 23. exf5 d5 24. Ng2 Nb8 25. e6 Bf6 26. Rab1 Rf8 27. Ba3 Be7 28. Bb2 Nxf5 29. Bxg7+ Nxg7 30. Ne3 Bb7
31. Nxg4 c6 32. Nf3 Nh5 33. Re5 Nxg3 34. Bd3 c5 35. Bxh7 Rxf4 36. Qg6 Rxf3 37. Qg8#
1-0

[Event "7 slow players under 1099"]
[Site "SchemingMind.com"]
[Date "2018.01.01"]
[Round "-"]
[White "Chessibelle"]
[Black "Henk Miedema"]
[Result "1-0"]
[WhiteCountry "ENG"]
[BlackCountry "NED"]
[WhiteElo "1069"]
[WhiteRD "60"]
[BlackElo "993"]
[BlackRD "64"]
[GameID "422698"]

1. e4 e5 2. Nf3 d6 3. d3 g6 4. g3 Bh6 5. Nbd2 Bg4 6. Be2 Bg7 7. c3 Bh3 8. b4 Bg2 9. Rg1 Bh3 10. Nc4 Bg4
11. a3 Qd7 12. Qd2 Nf6 13. Na5 Bh3 14. Nc4 Bg4 15. Qb2 O-O 16. h3 Bxh3 17. Ng5 Bg4 18. f3 Be6 19. Rh1 h6 20. Nh3 Bxh3
21. Kd2 Be6 22. d4 b6 23. Ne3 Ne8 24. Ke1 Bh3 25. g4 Bxg4 26. Nxg4 Qe7 27. Qd2 f6 28. Bc4+ Kh7 29. Nxh6 Nc6 30. Qh2 a5
31. Nf5+ Bh6 32. Nxe7 Rh8 33. Qxh6#
1-0

[Event "7 slow players under 1099"]
[Site "SchemingMind.com"]
[Date "2018.01.01"]
[Round "-"]
[White "Henk Miedema"]
[Black "Chessibelle"]
[Result "1/2-1/2"]
[WhiteCountry "NED"]
[BlackCountry "ENG"]
[WhiteElo "993"]
[WhiteRD "64"]
[BlackElo "1069"]
[BlackRD "60"]
[GameID "422699"]

1. d4 d5 2. e3 Nf6 3. Nf3 Nc6 4. b3 e6 5. Qd3 Bd7 6. c4 Bb4+ 7. Bd2 Bd6 8. Nc3 O-O 9. Be2 Nb4 10. O-O g6
11. Nb5 Be7 12. Qc3 Ne4 13. a3 Nxc3 14. Nxc3 Nc2 15. Ra2 Nxe3 16. Bxe3 Bf6 17. c5 c6 18. b4 Bg7 19. Bg5 f6 20. Be3 h6
21. a4 f5 22. a5 a6 23. Nh4 Qxh4 24. f3 f4 25. Bd2 Bxd4+ 26. Kh1 Rf5 27. Be1 Qh5 28. Na4 g5 29. Nb6 Rd8 30. Na4 Qf7
31. Rd2 Qf6 32. Nb6 Be8 33. Bf2 Bc3 34. Rdd1 h5 35. Na4 Bxb4 36. Be1 Bxe1 37. Rfxe1 Rd7 38. Nb6 Rd8 39. Na4 Bg6 40. Bd3 Re5
41. Bxg6 Qxg6 42. Rxe5=
1/2-1/2

[Event "7 slow players under 1099"]
[Site "SchemingMind.com"]
[Date "2018.01.01"]
[Round "-"]
[White "dode"]
[Black "nammy"]
[Result "1-0"]
[WhiteCountry "SCO"]
[BlackCountry "ENG"]
[WhiteElo "996"]
[WhiteRD "98"]
[BlackElo "850"]
[BlackRD "62"]
[GameID "422707"]

1. d4 d5 2. Nf3 f6 3. e3 e6 4. Nc3 c6 5. e4 Ne7 6. Bf4 Nd7 7. Bd3 h6 8. h4 Ng6 9. Bg3 Ne7 10. Bd6 g5
11. g4 b6 12. h5 a6 13. a4 Bg7 14. e5 Ng8 15. Bg6#
1-0

[Event "7 slow players under 1099"]
[Site "SchemingMind.com"]
[Date "2018.01.06"]
[Round "-"]
[White "nammy"]
[Black "dode"]
[Result "0-1"]
[WhiteCountry "ENG"]
[BlackCountry "SCO"]
[WhiteElo "777"]
[WhiteRD "65"]
[BlackElo "1016"]
[BlackRD "91"]
[GameID "422708"]

1. d4 d5 2. e3 c6 3. Nf3 Nf6 4. Nfd2 h5 5. Bd3 g5 6. c3 e6 7. Nf3 Bh6 8. Nbd2 Nbd7 9. O-O g4 10. Nh4 e5
11. Nb3 e4 12. Bc2 Bg5 13. g3 Qb6 14. Nf5 Qb5 15. Nd2 c5 16. h4 Bxe3 17. Nxe3 Nb6 18. b3 a5 19. a4 Qd7 20. Ba3 c4
21. b4 axb4 22. cxb4 Rxa4 23. Nb1 Qe7 24. Qe2 Rh6 25. f4 Rxa3 26. Rxa3 Qxb4 27. Rb3 Qa5 28. Nf5 Bxf5 29. Re3 Qb4 30. Qf2 Rh7
31. Qe2 c3 32. Nxc3 Nc4 33. Na2 Qb2 34. Nc3 Qb6 35. Na4 Qxd4 36. Rb1 Nxe3 37. Bb3 Nd7 38. Qb5 Nd1+ 39. Kf1 Qf2#
0-1

[Event "7 slow players under 1099"]
[Site "SchemingMind.com"]
[Date "2018.01.01"]
[Round "-"]
[White "dode"]
[Black "Chessibelle"]
[Result "1-0"]
[WhiteCountry "SCO"]
[BlackCountry "ENG"]
[WhiteElo "1039"]
[WhiteRD "97"]
[BlackElo "1078"]
[BlackRD "58"]
[GameID "422709"]

1. d4 d5 2. Nf3 Nf6 3. e3 Bd7 4. b3 e6 5. Nc3 g6 6. Bd3 Bg7 7. b4 a6 8. a4 O-O 9. e4 Re8 10. e5 Nc6
11. exf6 Bxf6 12. Bg5 Bxg5 13. Nxg5 Qxg5 14. b5 Nxd4 15. Qd2 Qxg2 16. Qh6 Qxh1+ 17. Kd2 Qxa1 18. Bxg6 Nf3+ 19. Kd3 Ne1+ 20. Kd2 Re7
21. Bxh7+ Kh8 22. Bd3+ Kg8 23. Qh7+ Kf8 24. Qh8#
1-0

[Event "7 slow players under 1099"]
[Site "SchemingMind.com"]
[Date "2018.01.01"]
[Round "-"]
[White "Chessibelle"]
[Black "dode"]
[Result "0-1"]
[WhiteCountry "ENG"]
[BlackCountry "SCO"]
[WhiteElo "1128"]
[WhiteRD "59"]
[BlackElo "1057"]
[BlackRD "93"]
[GameID "422710"]

1. e4 c5 2. d3 d5 3. Qf3 f6 4. g3 e5 5. Qd1 Nc6 6. b3 Nh6 7. Nf3 b5 8. Be2 d4 9. O-O Bh3 10. Re1 f5
11. Ng5 Be7 12. Ne6 Qd7 13. Bh5+ g6 14. Bf3 b4 15. Bxh6 Qxe6 16. a3 Rd8 17. Nd2 a5 18. axb4 axb4 19. Nc4 g5 20. Bh5+ Kd7
21. Qc1 Qxh6 22. Bf7 Rhf8 23. Bd5 Kc7 24. Qb2 fxe4 25. Bxe4 g4 26. Re2 Rf6 27. Qa2 Rf3 28. Qa4 Rd6 29. Qb5 Bd8 30. Qb6+ Kd7
31. Qb7+ Bc7 32. Ra7 Nxa7 33. Qxa7 Qc1+
0-1

[Event "7 slow players under 1099"]
[Site "SchemingMind.com"]
[Date "2018.01.01"]
[Round "-"]
[White "dode"]
[Black "Henk Miedema"]
[Result "0-1"]
[WhiteCountry "SCO"]
[BlackCountry "NED"]
[WhiteElo "1016"]
[WhiteRD "91"]
[BlackElo "989"]
[BlackRD "62"]
[GameID "422713"]

1. d4 d5 2. Nf3 Nf6 3. e3 e6 4. c4 c5 5. Qa4+ Bd7 6. Qc2 Qc7 7. Ne5 cxd4 8. exd4 Ne4 9. f3 Bc6 10. fxe4 Bb4+
11. Bd2 dxe4 12. Bxb4 Qc8 13. Nd2 a5 14. Bd6 Na6 15. Nxe4 Nb4 16. Nc5 Ra7 17. Qb3 b6 18. Ncd3 Qd8 19. g4 Bxh1 20. Bh3 Nxd3+
21. Nxd3 Qxd6 22. Qb5+ Qc6 23. Ne5 Qxb5 24. cxb5 O-O 25. g5 f5 26. Nc6 Rc7 27. Ne5 Rc2 28. Nd7 Rd8 29. Nxb6 Rxb2 30. a4 Rxd4
31. Rd1 Re4+ 32. Kf1 Bf3 33. Rd8+ Kf7 34. Rd7+ Kg6 35. Nc8 Rxa4 36. b6 Ra1+ 37. Rd1 Rxd1#
0-1

[Event "7 slow players under 1099"]
[Site "SchemingMind.com"]
[Date "2018.01.01"]
[Round "-"]
[White "Henk Miedema"]
[Black "dode"]
[Result "1-0"]
[WhiteCountry "NED"]
[BlackCountry "SCO"]
[WhiteElo "989"]
[WhiteRD "62"]
[BlackElo "1016"]
[BlackRD "91"]
[GameID "422714"]

1. d4 d5 2. e3 e6 3. Nf3 Nf6 4. Nc3 Nc6 5. Bd3 Bd6 6. Qe2 e5 7. e4 Nd7 8. Ng5 Nf6 9. dxe5 Nxe5 10. Be3 Bg4
11. f3 Bh5 12. O-O-O c5 13. exd5 h6 14. Bb5+ Ke7 15. h3 a6 16. Ba4 Qa5 17. Nge4 b5 18. Qf2 Qxa4 19. g4 Bg6 20. Nxa4 bxa4
21. Nxf6 Kxf6 22. h4 c4 23. Bd4 a3 24. f4 Ke7 25. Bxe5 f6 26. Bd4 Rac8 27. h5 Be4 28. bxa3 Bxa3+ 29. Kd2 c3+ 30. Bxc3 Bc5
31. Qe2 Ra8 32. Qxe4+ Kd7 33. Qe6+ Kc7 34. Ba5+ Kb7 35. Qc6+ Ka7 36. Qxc5+ Kb8 37. d6 Rd8 38. Bxd8 g5 39. Qc7#
1-0

[Event "7 slow players under 1099"]
[Site "SchemingMind.com"]
[Date "2018.01.01"]
[Round "-"]
[White "dode"]
[Black "Wilco Ende"]
[Result "1-0"]
[WhiteCountry "SCO"]
[BlackCountry "NED"]
[WhiteElo "1057"]
[WhiteRD "93"]
[BlackElo "1013"]
[BlackRD "70"]
[GameID "422715"]

1. d4 Nc6 2. e4 g6 3. Nc3 Nf6 4. Nf3 e6 5. Bg5 Bg7 6. Ne5 O-O 7. d5 Nxe5 8. f4 Neg4 9. h3 c6 10. hxg4 h6
11. Bh4 cxd5 12. exd5 Nxd5 13. Nxd5 f6 14. Bd3 exd5 15. Qf3 Re8+= 16. Kd2 b6 17. Qxd5+ Kh8 18. Bxg6 Re7 19. Qxa8 Qc7 20. Qd5 Qxf4+
21. Kc3 Re2 22. Rhd1 f5+ 23. Rd4 Bxd4+ 24. Kc4 fxg4 25. Qh5 Rxc2+ 26. Kb3 Rxb2+ 27. Ka3 Bc5+ 28. Kxb2 Qd4+ 29. Kb3 Qb4+ 30. Kc2 Bd4=
31. Qxh6+ Kg8 32. Qh7+ Kf8 33. Rf1+
1-0

[Event "7 slow players under 1099"]
[Site "SchemingMind.com"]
[Date "2018.01.01"]
[Round "-"]
[White "Wilco Ende"]
[Black "dode"]
[Result "1-0"]
[WhiteCountry "NED"]
[BlackCountry "SCO"]
[WhiteElo "1013"]
[WhiteRD "70"]
[BlackElo "1057"]
[BlackRD "93"]
[GameID "422716"]

1. d4 d5 2. Nf3 e6 3. Bg5 f6 4. Bd2 Qd6 5. g3 Nc6 6. Bg2 e5 7. O-O f5 8. dxe5 Nxe5 9. Nxe5 Qxe5 10. Re1 Bc5
11. Bc3 d4 12. Bd2 Nf6 13. Bf4 Qe6 14. Bxc7 g5 15. Ba5 b6 16. Bxa8 bxa5 17. e3 h5 18. exd4 Bd6 19. Rxe6+ Bxe6 20. d5 Bd7
21. Qd4 Rf8 22. Qxa7 g4 23. Nc3 Ke7 24. Re1+ Kf7 25. Nb5 Rb8 26. Qxb8 Ne8 27. Nxd6+ Nxd6 28. Qxd6 a4 29. Re7+ Kf8 30. Qxd7
1-0

[Event "7 slow players under 1099"]
[Site "SchemingMind.com"]
[Date "2018.01.02"]
[Round "-"]
[White "nammy"]
[Black "Wilco Ende"]
[Result "1-0"]
[WhiteCountry "ENG"]
[BlackCountry "NED"]
[WhiteElo "882"]
[WhiteRD "65"]
[BlackElo "898"]
[BlackRD "81"]
[GameID "422717"]

1. d4 d5 2. e3 Nd7 3. Nc3 Ngf6 4. f3 e6 5. Bd2 Be7 6. Bd3 O-O 7. Qe2 b6 8. g4 e5 9. Nh3 Bb7 10. g5 Ne8
11. Nf2 Bxg5 12. Qf1 exd4 13. f4 Bf6 14. Ne2 Bh4 15. O-O-O dxe3 16. Bxe3 Nd6 17. Nh3 Nc5 18. Rg1 Nxd3+ 19. cxd3 Re8 20. Qg2 Rb8
21. Qxg7#
1-0

[Event "7 slow players under 1099"]
[Site "SchemingMind.com"]
[Date "2018.01.02"]
[Round "-"]
[White "Wilco Ende"]
[Black "nammy"]
[Result "1-0"]
[WhiteCountry "NED"]
[BlackCountry "ENG"]
[WhiteElo "898"]
[WhiteRD "81"]
[BlackElo "882"]
[BlackRD "65"]
[GameID "422718"]

1. d4 d5 2. Nd2 e6 3. b3 Bd7 4. Nb1 Be7 5. Bb2 Qc8 6. e3 Bd6 7. Be2 Ne7 8. Nf3 f6 9. Nbd2 Kf8 10. O-O Qe8
11. e4 g5 12. exd5 exd5 13. c4 Qg6 14. cxd5 Nxd5 15. Nb1 h5 16. Qd2 g4 17. Bc4 Ne7 18. Ng5 fxg5 19. d5 Nf5 20. Re1 c6
21. Rd1 Be7 22. Bxh8 b5 23. Bd3 Qh6 24. Bxf5 Bxf5 25. Rc1 Qxh8 26. dxc6 Nxc6 27. Rxc6 Kf7 28. Rc7 Qf6 29. Qd5+ Be6 30. Qxa8 Qxa1
31. Rc1 Qxa2 32. g3 Qxb3 33. Rc7 Qxb1+ 34. Kg2 Kf6 35. Rc8 Bd5+ 36. Qxd5 b4 37. Re8 Qa1 38. Qd7 Bc5 39. Qe6+ Kg7 40. Rg8+ Kh7
41. Qg6#
1-0

[Event "7 slow players under 1099"]
[Site "SchemingMind.com"]
[Date "2018.01.01"]
[Round "-"]
[White "Chessibelle"]
[Black "Wilco Ende"]
[Result "0-1"]
[WhiteCountry "ENG"]
[BlackCountry "NED"]
[WhiteElo "1069"]
[WhiteRD "60"]
[BlackElo "898"]
[BlackRD "81"]
[GameID "422719"]

1. e4 Nc6 2. d3 Nf6 3. Nf3 e5 4. b3 Be7 5. Be2 Bb4+ 6. Nbd2 O-O 7. O-O Qe7 8. h3 Ba5 9. Nc4 b6 10. Bb2 Nb4
11. Nfxe5 d6 12. Nf3 b5 13. Ne3 Bb7 14. Nh2 Rac8 15. f3 d5 16. Nf5 Qe8 17. c3 dxe4 18. cxb4 Bb6+ 19. Kh1 exf3 20. Nxf3 c6
21. d4 Rd8 22. Qd2 Ne4 23. Qd3 Nf6 24. Rfe1 h6 25. Ne5 g6 26. Nxh6+ Kh7 27. Bc1 Bxd4 28. Nf3 Bxa1 29. Ba3 Rxd3
0-1

[Event "7 slow players under 1099"]
[Site "SchemingMind.com"]
[Date "2018.01.01"]
[Round "-"]
[White "Wilco Ende"]
[Black "Chessibelle"]
[Result "0-1"]
[WhiteCountry "NED"]
[BlackCountry "ENG"]
[WhiteElo "898"]
[WhiteRD "81"]
[BlackElo "1069"]
[BlackRD "60"]
[GameID "422720"]

1. Nf3 e6 2. d4 d5 3. g3 g6 4. Bg2 Bb4+ 5. c3 Bd6 6. Bg5 f6 7. Bh4 Nh6 8. Bh3 Be7 9. Qc1 Nf7 10. O-O O-O
11. Nbd2 Nd7 12. Bxe6 c6 13. Bxd7 Qxd7 14. e3 h6 15. b3 b5 16. a4 g5 17. Bxg5 fxg5 18. axb5 cxb5 19. h4 gxh4 20. Nxh4 Bxh4
21. Kg2 Qh3+ 22. Kf3 Bg4+ 23. Kf4 Ng5+ 24. Ke5 Rad8 25. gxh4 Qh2+ 26. f4 Nf7+ 27. Kf6 Qxh4+ 28. Kg6 Qh5+ 29. Kf6 Qf5+ 30. Ke7 Qe6#
0-1

[Event "7 slow players under 1099"]
[Site "SchemingMind.com"]
[Date "2018.01.01"]
[Round "-"]
[White "Henk Miedema"]
[Black "Wilco Ende"]
[Result "0-1"]
[WhiteCountry "NED"]
[BlackCountry "NED"]
[WhiteElo "993"]
[WhiteRD "64"]
[BlackElo "898"]
[BlackRD "81"]
[GameID "422723"]

1. d4 Nc6 2. e3 e6 3. Nf3 Nce7 4. Bd3 b6 5. b3 Bb7 6. Nc3 g6 7. Ba3 Bg7 8. Bc4 Nf6 9. Qe2 O-O 10. O-O-O d6
11. h4 d5 12. Bd3 Ne4 13. Kb1 Nxc3+ 14. Kb2 Nxe2 15. Bxe2 c5 16. Ka1 Nc6 17. Bb2 cxd4 18. exd4 Nb4 19. c3 Ba6 20. Bxa6 Nxa6
21. Ba3 Qb8 22. Bxf8 Bxf8 23. Ne5 Qc8 24. Ng4 Qxc3+ 25. Kb1 Ba3 26. Nf6+ Kg7 27. Ng4 Qb2#
0-1

[Event "7 slow players under 1099"]
[Site "SchemingMind.com"]
[Date "2018.01.01"]
[Round "-"]
[White "Wilco Ende"]
[Black "Henk Miedema"]
[Result "1-0"]
[WhiteCountry "NED"]
[BlackCountry "NED"]
[WhiteElo "898"]
[WhiteRD "81"]
[BlackElo "993"]
[BlackRD "64"]
[GameID "422724"]

1. d4 d5 2. Nf3 e6 3. Nbd2 Be7 4. g3 Nf6 5. Bg2 O-O 6. O-O Nc6 7. Nb3 Bd6 8. Nc5 b6 9. Nb3 Qe8 10. Ne5 Bb7
11. Nxc6 Qxc6 12. Bd2 Ba6 13. Bc3 e5 14. dxe5 Nd7 15. exd6 Qxd6 16. Qd3 Bxd3 17. exd3 a5 18. Bh3 Nf6 19. Nd4 c5 20. Nf5 Qc7
21. Rfe1 c4 22. Ne7+ Kh8 23. Re5 b5 24. Nxd5 Nxd5 25. Rxd5 Qb7 26. Bg2 Rfe8 27. Rc5 Qb6 28. d4 Re6 29. Bxa8 Qd8 30. Rxb5 Qxa8
31. Rxa5 h6 32. Rxa8+ Kh7 33. a4 f6 34. a5 Kg6 35. Ra4 f5 36. Rxc4 Rf6 37. Rc7 Rf7 38. Rxf7 Kxf7 39. a6 Kg6 40. Bd2
1-0

[Event "7 slow players under 1099"]
[Site "SchemingMind.com"]
[Date "2018.01.07"]
[Round "-"]
[White "dode"]
[Black "Kwame"]
[Result "1-0"]
[WhiteCountry "SCO"]
[BlackCountry "USA"]
[WhiteElo "1007"]
[WhiteRD "92"]
[BlackElo "983"]
[BlackRD "78"]
[GameID "422820"]

1. d4 c6 2. c3 d5 3. Nf3 Nf6 4. Nbd2 e6 5. e3 Bd6 6. c4 O-O 7. Bd3 Bb4 8. Ne5 Bd6 9. f4 Na6 10. h3 Re8
11. e4 dxe4 12. Bxe4 Bb4 13. h4 Bxd2+ 14. Qxd2 Nxe4 15. Qe3 Nf6 16. g3 Nb4 17. Qb3 Na6 18. g4 Ne4 19. g5 Qd6 20. a4 Qxd4
21. h5 Ng3 22. Qxg3 Qe4+ 23. Kf2 Qd4+ 24. Be3 Qxb2+ 25. Kf3 f5 26. Qe1 Rd8 27. Qe2 Qb3 28. h6 Kf8 29. g6 Rd7 30. gxh7 Ke7
31. hxg7 Qb4 32. h8=Q Rd8 33. Qxd8+ Kxd8 34. Rh8+ Kc7 35. Rd1 Qe7 36. g8=Q Nb4 37. Rd7+ Bxd7 38. Qxa8 Nd5 39. cxd5 c5 40. Qb8+ Kb6
41. Qb2+ Ka6 42. Q2xb7+ Ka5 43. Q7xa7#
1-0

[Event "7 slow players under 1099"]
[Site "SchemingMind.com"]
[Date "2018.01.09"]
[Round "-"]
[White "Kwame"]
[Black "dode"]
[Result "1-0"]
[WhiteCountry "USA"]
[BlackCountry "SCO"]
[WhiteElo "983"]
[WhiteRD "78"]
[BlackElo "1007"]
[BlackRD "92"]
[GameID "422821"]

1. Nf3 d6 2. d4 Nc6 3. e3 e5 4. Nc3 Nf6 5. Bd2 Be6 6. Qe2 Bg4 7. Qd1 Nh5 8. Be2 f6 9. h3 a6 10. hxg4 g6
11. gxh5 gxh5 12. Nd5 f5 13. g3 Bh6 14. Bd3 e4 15. Bc4 b5 16. Bb3 a5 17. Qe2 a4 18. Bc4 bxc4 19. Qxc4 Rg8 20. Qxc6+ Qd7
21. Nf6+ Ke7 22. Nxd7 Ke6 23. Ba5 Rxa5 24. d5+ Rxd5 25. Rxh5 Rg6 26. Nf8+ Kf6 27. Qxd5 Kg7 28. Qxf5 c5 29. Ne6+ Kh8 30. Nd8 c4
31. Qxe4 Bf8 32. Qxc4 Bg7 33. Rf5 h6 34. Nf7+ Kg8 35. Nh4 Bf6 36. Nxg6 Kg7 37. Rxf6
1-0

[Event "7 slow players under 1099"]
[Site "SchemingMind.com"]
[Date "2018.01.04"]
[Round "-"]
[White "nammy"]
[Black "Kwame"]
[Result "0-1"]
[WhiteCountry "ENG"]
[BlackCountry "USA"]
[WhiteElo "795"]
[WhiteRD "64"]
[BlackElo "949"]
[BlackRD "80"]
[GameID "422822"]

1. d4 d5 2. Nd2 Nc6 3. Nb3 Nf6 4. f3 b6 5. e3 Bf5 6. h3 a6 7. Ne2 e6 8. c3 b5 9. Kd2 Bd6 10. g4 O-O
11. Qe1 Bg6 12. Qf2 Rb8 13. Kd1 Re8 14. h4 e5 15. Bd2 Ra8 16. Rg1 Rb8 17. g5 Ne4 18. f4 Nxf2+ 19. Ke1 Nd3+ 20. Kd1 e4
21. Rb1 Qd7 22. Ng3 Ne7 23. Rh1 Nf2+ 24. Kc2 Nf5 25. Rh2 Ng4 26. Ne2 Nxh2 27. Bg2 Ng4 28. Bh3 Bh5 29. Bf1 Nxh4 30. Rc1 Nf3
31. Ng3 g6 32. Na5 Ngh2 33. Be2 Ng1 34. Kb1 Bxe2 35. Rxg1 Bd3+ 36. Kc1 Nf3 37. Rd1 Qh3 38. Nc6 Rb7 39. b4 Qxg3 40. Na5 Rbb8
41. Kb2 h5 42. Bc1 Rb6 43. Ka1 Ng1 44. Bd2 h4 45. Nb3 h3 46. Rf1 Bxf1 47. Kb1 h2 48. Na5 h1=Q 49. Kb2 Bc4 50. a3 Nf3
51. Kc2 Qa1 52. Bc1 Qg1 53. Bb2 Qa2 54. Nxc4 bxc4 55. a4 Qb3#
0-1

[Event "7 slow players under 1099"]
[Site "SchemingMind.com"]
[Date "2018.01.04"]
[Round "-"]
[White "Kwame"]
[Black "nammy"]
[Result "1-0"]
[WhiteCountry "USA"]
[BlackCountry "ENG"]
[WhiteElo "891"]
[WhiteRD "76"]
[BlackElo "795"]
[BlackRD "62"]
[GameID "422823"]

1. Nf3 Nc6 2. e4 f6 3. d3 d6 4. Be3 e5 5. Nc3 Be6 6. b3 Qe7 7. Be2 h6 8. O-O Qf7 9. Nh4 g5 10. Nf3 Nge7
11. Nb5 Kd8 12. c3 a6 13. Na3 Qg6 14. Nc4 h5 15. Nfd2 h4 16. Na5 Nxa5 17. b4 Nac6 18. Bg4 Bf7 19. Bh3 b6 20. a3 d5
21. Qe2 Nc8 22. Qf3 Qg7 23. Bf5 N8e7 24. Bg4 Qh6 25. Rac1 d4 26. cxd4 Na7 27. d5 c6 28. Nc4 Nec8 29. Nxb6 Rb8 30. Nc4 Ne7
31. Bxa7 Ra8 32. Bb6+ Ke8 33. Bd7+ Kxd7 34. Qg4+ Ke8 35. Nd6#
1-0

[Event "7 slow players under 1099"]
[Site "SchemingMind.com"]
[Date "2018.01.05"]
[Round "-"]
[White "Chessibelle"]
[Black "Kwame"]
[Result "1-0"]
[WhiteCountry "ENG"]
[BlackCountry "USA"]
[WhiteElo "1058"]
[WhiteRD "58"]
[BlackElo "831"]
[BlackRD "78"]
[GameID "422824"]

1. e3 e5 2. Nf3 d6 3. Nc3 Nc6 4. g3 Nf6 5. Be2 Be7 6. O-O O-O 7. a3 Bh3 8. Re1 d5 9. d4 e4 10. Ng5 Bf5
11. b4 a6 12. f3 a5 13. f4 axb4 14. Na2 h6 15. Nf3 Bg4 16. Rf1 Rb8 17. Qd2 exf3 18. Bd1 Ne4 19. Qd3 Nc5 20. Qd2 Ne4
21. Qd3 Nf6 22. c3 g6 23. Bd2 Ra8 24. axb4 Nb8 25. b5 Qd6 26. Bb3 Qd7 27. Kf2 Bf5 28. e4 Bg4 29. Rae1 Bd6 30. e5 Re8
31. Qe3 Ne4+ 32. Kg1 Qxb5 33. Bd1 Rxa2 34. Bc1 Nc6 35. exd6 cxd6 36. f5 g5 37. Bxf3 Bxf5 38. Bh5 Rf8 39. Rxf5 Ne5 40. dxe5 Rc2
41. Rff1 Qa5 42. exd6 f6 43. d7 Rxc3 44. Qe2 Rd8 45. Qg4 Qa6 46. Qf5 Kf8 47. Qxd5 Nd6 48. Qe6 Qb6+ 49. Kh1 Qc6+ 50. Kg1 Qb6+
51. Rf2 Rd3 52. Qxf6+
1-0

[Event "7 slow players under 1099"]
[Site "SchemingMind.com"]
[Date "2018.01.05"]
[Round "-"]
[White "Kwame"]
[Black "Chessibelle"]
[Result "0-1"]
[WhiteCountry "USA"]
[BlackCountry "ENG"]
[WhiteElo "831"]
[WhiteRD "78"]
[BlackElo "1058"]
[BlackRD "58"]
[GameID "422825"]

1. d4 d5 2. b4 e6 3. c3 Bd7 4. Nf3 Nf6 5. Ne5 Bc8 6. e3 c6 7. Ng4 Be7 8. Ne5 O-O 9. Bd3 g6 10. Ng4 Nbd7
11. e4 Qc7 12. Qf3 b5 13. Bf4 Bd6 14. Bg3 Nh5 15. Bf4 Nxf4 16. Bc2 f5 17. e5 Be7 18. Qxf4 Nb6 19. Qh6 Bb7 20. h4 Rf7
21. Qf4 Nc4 22. Nh6+ Kg7 23. a3 Qd8 24. Ra2 g5 25. Qf3 Rf8 26. Bd3 a5 27. g3 Kxh6 28. Rg1 g4 29. Qe2 Rg8 30. f3 Nb6
31. Bc2 Kg6 32. f4 Ba6 33. Rh1 Kh5 34. Nd2 Nc4 35. Nb3 h6 36. Nc5 Bc8 37. Nd3 axb4 38. cxb4 Qb6 39. Qf2 Bd7 40. Qe2 Qxd4
41. Kd1 Qb6 42. Nf2 Ne3+ 43. Ke1 c5 44. Bb1 d4 45. Rh2 cxb4 46. Rd2 Rxa3 47. Ra2 b3 48. Qd2 bxa2 49. Bxa2 b4 50. Bb1 Ra1
51. Qc2 Nxc2+
0-1

[Event "7 slow players under 1099"]
[Site "SchemingMind.com"]
[Date "2018.01.04"]
[Round "-"]
[White "Kwame"]
[Black "Henk Miedema"]
[Result "1-0"]
[WhiteCountry "USA"]
[BlackCountry "NED"]
[WhiteElo "891"]
[WhiteRD "76"]
[BlackElo "939"]
[BlackRD "63"]
[GameID "422828"]

1. d4 d5 2. e3 f5 3. Bd2 Nc6 4. Be2 Nf6 5. Bd3 e6 6. Nf3 Bd6 7. h3 Qe7 8. Qe2 O-O 9. Nc3 a6 10. O-O-O Ba3
11. Nb1 Bd6 12. g3 Bb4 13. c4 Bxd2+ 14. Qxd2 Bd7 15. g4 Nb4 16. Nc3 Ra7 17. Bc2 Nc6 18. Ne5 dxc4 19. Nxc6 Bxc6 20. Rhg1 b5
21. Qe2 a5 22. g5 Qd8 23. h4 Nh5 24. Qxh5 Be8 25. Qf3 Qb8 26. Ne2 a4 27. d5 Bd7 28. Nf4 b4 29. dxe6 Be8 30. Nd5 c6
31. Nf4 c5 32. Qd5 a3 33. Bb1 Ra4 34. Qxc5 Bb5 35. Bc2 Re8 36. Bxf5 axb2+ 37. Kxb2 Ba6 38. Bc2 b3 39. axb3 Qxb3+ 40. Bxb3 cxb3
41. f3 Bb7 42. Kxb3 Raa8 43. Kc3 Bxf3 44. Rd2 Be4 45. Kd4 Bb7 46. Nd5 Ra4+ 47. Kd3 Rxh4 48. Nc7 Bf3 49. Nxe8 Bh5 50. Nd6 Bg6+
51. Kc3 Rh3 52. Qc8+
1-0